<?xml version="1.0" encoding="UTF-8"?>
<collection xmlns="http://www.loc.gov/MARC21/slim">
 <record>
  <leader>00997cam a2200193 7i4500</leader>
  <controlfield tag="001">0000042820</controlfield>
  <controlfield tag="005">20091012090000.0</controlfield>
  <controlfield tag="008">091012s2004    my a                may   </controlfield>
  <datafield tag="090" ind1="0" ind2="0">
   <subfield code="a">HV 6569 .M4 </subfield>
   <subfield code="b">F6 2004</subfield>
  </datafield>
  <datafield tag="110" ind1="2" ind2="0">
   <subfield code="a">Forum Konsultatif Stop Rape ( 2004 :  Kuala Lumpur)</subfield>
  </datafield>
  <datafield tag="245" ind1="1" ind2="0">
   <subfield code="a">Henti rogol : </subfield>
   <subfield code="b">hormat dan kawal diri (stop rape : respect and restrain) ; prosiding Forum Konsultatif; </subfield>
   <subfield code="f">Universiti Malaya, Kuala Lumpur , 5 Februari 2004  </subfield>
   <subfield code="c">anjuran Kementerian Pembangunan Wanita, Keluarga dan Masyarakat.</subfield>
  </datafield>
  <datafield tag="246" ind1="0" ind2="0">
   <subfield code="a">Prosiding forum konsultatif.</subfield>
  </datafield>
  <datafield tag="246" ind1="0" ind2="0">
   <subfield code="a">Stop rape: </subfield>
   <subfield code="b">respect and restrain.</subfield>
  </datafield>
  <datafield tag="260" ind1="#" ind2="#">
   <subfield code="a">Kuala Lumpur: </subfield>
   <subfield code="b">Kementerian Pembangunan Wanita,Keluarga dan Masyarakat, </subfield>
   <subfield code="c">2004.</subfield>
  </datafield>
  <datafield tag="300" ind1="#" ind2="#">
   <subfield code="a">56p.: </subfield>
   <subfield code="b">ill.; </subfield>
   <subfield code="c">23 cm..</subfield>
  </datafield>
  <datafield tag="650" ind1="0" ind2="0">
   <subfield code="a">Sex crimes -- </subfield>
   <subfield code="x">Prevention -- </subfield>
   <subfield code="x">Congresses -- </subfield>
   <subfield code="z">Malaysia </subfield>
  </datafield>
  <datafield tag="650" ind1="0" ind2="0">
   <subfield code="a">Rape -- </subfield>
   <subfield code="x">Prevention -- </subfield>
   <subfield code="x">Congresses -- </subfield>
   <subfield code="z">Malaysia </subfield>
  </datafield>
  <datafield tag="710" ind1="2" ind2="1">
   <subfield code="a">Malaysia. Kementerian Pembangunan Wanita, Keluarga Dan Masyarakat </subfield>
  </datafield>
  <datafield tag="999" ind1=" " ind2=" ">
   <subfield code="a">1100037856</subfield>
   <subfield code="b">Book</subfield>
   <subfield code="c">Open Shelf</subfield>
   <subfield code="e">KOLEKSI TERBUKA</subfield>
  </datafield>
 </record>
</collection>
